[Event "Netanya op"]
[Site "Netanya"]
[Date "2019.07.02"]
[Round "9"]
[White "Usha Margolin, Daniel"]
[Black "Baran, Yulia"]
[Result "1-0"]
[WhiteElo "1437"]
[BlackElo "1344"]
[PlyCount "119"]
[EventDate "2019.06.23"]
[EventType "swiss"]
[EventRounds "9"]
[EventCountry "ISR"]
[SourceTitle "EXT 2020"]
[Source "ChessBase"]
[SourceDate "2019.10.17"]
[SourceVersion "1"]
[SourceVersionDate "2019.10.17"]
[SourceQuality "1"]

1. d4 d5 2. c4 e6 3. Nc3 Nf6 4. Bg5 Be7 5. Nf3 0-0 6. e3 Nc6 7. Bd3 dxc4 8. Bxc4 a6 9. 0-0 h6 10. Bf4 Nd5 11. Nxd5 exd5 12. Bd3 Re8 13. Rc1 Bd6 14. Bg3 Bxg3 15. hxg3 Qd6 16. a3 Qf6 17. Rc5 Be6 18. Rc1 Bd7 19. Qc2 Rac8 20. Qc5 Qe6 21. Qc2 Qe7 22. Rfe1 Qf6 23. Qb3 Qd6 24. Qxb7 Rb8 25. Qxa6 Ra8 26. Qb5 Nxd4 27. Qc5 Nxf3+ 28. gxf3 Qxc5 29. Rxc5 c6 30. Ra1 Reb8 31. Rb1 Rb6 32. e4 Be6 33. Bc2 Rab8 34. b3 d4 35. b4 Rd8 36. g4 Kf8 37. Kf1 Ke7 38. Ke2 f6 39. Kd3 Bc8 40. a4 Ba6+ 41. b5 cxb5 42. axb5 Bb7 43. Rc4 Rbd6 44. Rbb4 Ke6 45. Rxd4 Ke5 46. Rxd6 Rxd6+ 47. Ke3 Ke6 48. Bd3 Rb6 49. Ra4 Ke7 50. Ra7 Kd6 51. Kd4 g6 52. f4 g5 53. e5+ fxe5+ 54. fxe5+ Kc7 55. Be4 Rxb5 56. Rxb7+ Rxb7 57. Bxb7 Kxb7 58. Kd5 Kc7 59. Ke6 Kd8 60. Kf7 1-0

[Event "Netanya op"]
[Site "Netanya"]
[Date "2019.06.27"]
[Round "5"]
[White "Usha Margolin, Daniel"]
[Black "Kadosh, Lior"]
[Result "0-1"]
[WhiteElo "1437"]
[BlackElo "1649"]
[PlyCount "46"]
[EventDate "2019.06.23"]
[EventType "swiss"]
[EventRounds "9"]
[EventCountry "ISR"]
[SourceTitle "CBM 191 Extra"]
[Source "ChessBase"]
[SourceDate "2019.09.30"]
[SourceVersion "1"]
[SourceVersionDate "2019.09.30"]
[SourceQuality "1"]

1. e4 e5 2. Nf3 Nc6 3. Nc3 Nf6 4. Bb5 Bb4 5. 0-0 0-0 6. d3 d6 7. Bg5 Bxc3 8. bxc3 h6 9. Bh4 Bg4 10. Re1 g5 11. Bg3 Ne7 12. h4 gxh4 13. Bxh4 Ng6 14. Bg3 Nh5 15. d4 Qf6 16. Be2 Nhf4 17. Rb1 b6 18. d5 Qg7 19. Qd2 h5 20. Kf1 h4 21. Bxf4 Nxf4 22. Ng1 Bxe2+ 23. Nxe2 Qxg2# 0-1